[Event "Bayern-chI Bank Hofmann 26th"]
[Site "Tegernsee"]
[Date "2023.11.01"]
[Round "5"]
[White "Solomon, Kenny"]
[Black "Hofmann, Lorenz"]
[Result "1/2-1/2"]
[WhiteElo "2300"]
[BlackElo "2091"]
[PlyCount "64"]
[EventDate "2023.10.28"]
[EventType "swiss"]
[EventRounds "9"]
[EventCountry "GER"]
[SourceTitle "Mega2024 Update 01"]
[Source "Chessbase"]
[SourceDate "2023.11.12"]
[SourceVersion "1"]
[SourceVersionDate "2023.11.12"]
[SourceQuality "1"]

1. e4 c6 2. d4 d5 3. e5 c5 4. dxc5 e6 5. a3 Bxc5 6. Nf3 a5 7. Bd3 Ne7 8. 0-0 Nbc6 9. Nc3 Ng6 10. Re1 0-0 11. Bg5 f6 12. exf6 gxf6 13. Bh6 Re8 14. h4 Bf8 15. Qd2 Nge5 16. Nxe5 fxe5 17. Re3 e4 18. Rg3+ Kh8 19. Bg5 Be7 20. Bb5 Bxg5 21. hxg5 Rg8 22. Bxc6 bxc6 23. Qd4+ Rg7 24. g6 Qc7 25. Qf6 Qe7 26. Qe5 hxg6 27. Rxg6 Kg8 28. Rf6 Bd7 29. Re1 Rf8 30. Rxf8+ Kxf8 31. Qf4+ Ke8 32. Qb8+ Qd8 1/2-1/2

[Event "World-chT Rapid"]
[Site "Dusseldorf"]
[Date "2023.08.28"]
[Round "12"]
[White "Gramb, Marius"]
[Black "Solomon, Kenny"]
[Result "0-1"]
[WhiteElo "2147"]
[BlackElo "2324"]
[PlyCount "110"]
[EventDate "2023.08.26"]
[EventType "team-swiss (rapid)"]
[EventRounds "12"]
[EventCountry "GER"]
[SourceTitle "CBM 215 Extra"]
[Source "ChessBase"]
[SourceDate "2023.09.30"]
[SourceVersion "1"]
[SourceVersionDate "2023.09.30"]
[SourceQuality "1"]
[WhiteTeam "Blerickse Schaakvereniging"]
[BlackTeam "Africa"]
[WhiteTeamCountry "NED"]

1. d4 Nf6 2. c4 e6 3. g3 Bb4+ 4. Bd2 Be7 5. Bg2 d5 6. Nf3 0-0 7. 0-0 c6 8. Qc2 Nbd7 9. Rc1 a5 10. a4 h6 11. cxd5 exd5 12. Nc3 Re8 13. Nh4 Nb8 14. Nd1 Ne4 15. Bxe4 dxe4 16. Qxe4 Bg5 17. Qd3 Bxh4 18. gxh4 Qxh4 19. Ra3 Re6 20. Qc4 Re4 21. Rg3 Be6 22. Qd3 Rxd4 23. Qe3 Rg4 24. Qb6 Qe7 25. Rcc3 Ra6 26. Qc5 Qxc5 27. Rxc5 Rd4 28. Rd3 Rxd3 29. exd3 b6 30. Rc1 c5 31. Nc3 Nc6 32. Nb5 Ra8 33. Bf4 Nb4 34. Bc7 Nxd3 35. Rb1 Bb3 36. Bxb6 Ra6 37. Bc7 Bxa4 38. Nc3 Bc2 39. Ra1 a4 40. Ne4 Rc6 41. Ba5 f5 42. Ng3 f4 43. Nf5 Kf7 44. Bc3 g5 45. h4 Re6 46. Ng7 Re2 47. hxg5 hxg5 48. Nf5 Kg6 49. Nd6 f3 50. Nc4 g4 51. Ne3 Nxf2 52. Nxc2 Nh3+ 53. Kf1 g3 54. Ne3 Rxe3 55. Rxa4 g2# 0-1

[Event "World-chT Rapid"]
[Site "Dusseldorf"]
[Date "2023.08.27"]
[Round "5.7"]
[White "Gukesh, Dommaraju"]
[Black "Solomon, Kenny"]
[Result "1-0"]
[WhiteElo "2751"]
[BlackElo "2324"]
[PlyCount "75"]
[EventDate "2023.08.26"]
[EventType "team-swiss (rapid)"]
[EventRounds "12"]
[EventCountry "GER"]
[SourceTitle "CBM 215 Extra"]
[Source "ChessBase"]
[SourceDate "2023.09.30"]
[SourceVersion "1"]
[SourceVersionDate "2023.09.30"]
[SourceQuality "1"]
[WhiteTeam "Kompetenzakademie Allstars"]
[BlackTeam "Africa"]
[WhiteTeamCountry "GER"]

1. d4 Nf6 2. c4 e6 3. g3 d5 4. Bg2 Bb4+ 5. Bd2 Be7 6. Nf3 0-0 7. 0-0 c6 8. Qc2 Nbd7 9. Rd1 b6 10. b3 a5 11. Bc3 Ba6 12. Nbd2 b5 13. e4 dxc4 14. bxc4 bxc4 15. Bf1 a4 16. Bxc4 Bxc4 17. Nxc4 Qc7 18. Rac1 Rfc8 19. Nfe5 Qa7 20. Rb1 Qa6 21. Bd2 h6 22. Bf4 a3 23. Kg2 Re8 24. Rb3 Qa4 25. Qe2 Bf8 26. Bc1 Rab8 27. Bxa3 Rxb3 28. axb3 Qxb3 29. Bxf8 Nxf8 30. Nd6 Ra8 31. Nxc6 Ra2 32. Qf3 Qxf3+ 33. Kxf3 g5 34. Ne5 Ng6 35. Ndxf7 g4+ 36. Ke3 Nxe5 37. Nxh6+ Kh7 38. dxe5 1-0

[Event "World-chT Rapid"]
[Site "Dusseldorf"]
[Date "2023.08.27"]
[Round "6.11"]
[White "Solomon, Kenny"]
[Black "Caruso, Augusto"]
[Result "1-0"]
[WhiteElo "2324"]
[BlackElo "2103"]
[PlyCount "69"]
[EventDate "2023.08.26"]
[EventType "team-swiss (rapid)"]
[EventRounds "12"]
[EventCountry "GER"]
[SourceTitle "CBM 215 Extra"]
[Source "ChessBase"]
[SourceDate "2023.09.30"]
[SourceVersion "1"]
[SourceVersionDate "2023.09.30"]
[SourceQuality "1"]
[WhiteTeam "Africa"]
[BlackTeam "Mitropa Chess Association"]
[BlackTeamCountry "GER"]

1. d4 c5 2. d5 f5 3. c4 Nf6 4. Nc3 g6 5. g3 Bg7 6. Bg2 d6 7. Nh3 a6 8. 0-0 0-0 9. Ng5 b6 10. Ne6 Bxe6 11. dxe6 Ra7 12. e4 fxe4 13. Nxe4 Nxe4 14. Bxe4 b5 15. Qd3 Qb6 16. Rb1 Nc6 17. b3 Nd4 18. h4 Kh8 19. Bd5 Rf5 20. Bf4 b4 21. Kg2 Qd8 22. Be3 Qf8 23. f4 h5 24. Bxd4 Bxd4 25. Be4 Qf6 26. Bxf5 gxf5 27. Qf3 Qg6 28. Qc6 Qg8 29. Rbd1 Bf6 30. Qf3 Qg6 31. Kh2 a5 32. Qc6 Qg8 33. Rfe1 Ra8 34. Qf3 Qg6 35. Qxa8+ 1-0

[Event "World-chT Rapid"]
[Site "Dusseldorf"]
[Date "2023.08.26"]
[Round "4.12"]
[White "Berndt, Matthias"]
[Black "Solomon, Kenny"]
[Result "0-1"]
[WhiteElo "2072"]
[BlackElo "2324"]
[PlyCount "86"]
[EventDate "2023.08.26"]
[EventType "team-swiss (rapid)"]
[EventRounds "12"]
[EventCountry "GER"]
[SourceTitle "CBM 215 Extra"]
[Source "ChessBase"]
[SourceDate "2023.09.30"]
[SourceVersion "1"]
[SourceVersionDate "2023.09.30"]
[SourceQuality "1"]
[WhiteTeam "Magdeburg and Friends"]
[BlackTeam "Africa"]
[WhiteTeamCountry "GER"]

1. e4 c5 2. Nc3 Nc6 3. g3 g6 4. Bg2 Bg7 5. d3 d6 6. Be3 Rb8 7. Qd2 h5 8. f4 h4 9. Nf3 h3 10. Bf1 b5 11. Nd1 Nd4 12. Bxd4 cxd4 13. Nf2 e5 14. Ng5 f6 15. Ngxh3 Ne7 16. Ng1 d5 17. Bg2 Bh6 18. Ne2 0-0 19. 0-0 Be6 20. Rfd1 f5 21. c3 dxc3 22. bxc3 Qb6 23. exf5 Nxf5 24. d4 e4 25. Ng4 Bg7 26. Ne5 Kh7 27. g4 Nh4 28. Qe1 g5 29. Qg3 Bxe5 30. fxe5 Nf3+ 31. Kh1 Qc7 32. Rf1 Nh4 33. Qe3 Qg7 34. h3 Kh8 35. Ng3 Qg6 36. Nh5 Rbc8 37. Rf6 Rxf6 38. Nxf6 Qh6 39. Kg1 Ng6 40. a4 b4 41. cxb4 Nf4 42. Rc1 Rxc1+ 43. Qxc1 Ne2+ 0-1

[Event "Spilimbergo op 21st"]
[Site "Spilimbergo"]
[Date "2023.08.15"]
[Round "9"]
[White "Solomon, Kenny"]
[Black "Argote Heredia, Valentina"]
[Result "0-1"]
[WhiteElo "2324"]
[BlackElo "2153"]
[PlyCount "148"]
[EventDate "2023.08.09"]
[EventType "swiss"]
[EventRounds "9"]
[EventCountry "ITA"]
[SourceTitle "CBM 215 Extra"]
[Source "ChessBase"]
[SourceDate "2023.09.30"]
[SourceVersion "1"]
[SourceVersionDate "2023.09.30"]
[SourceQuality "1"]

1. d4 Nf6 2. c4 c5 3. d5 b5 4. cxb5 a6 5. e3 e6 6. dxe6 fxe6 7. Nc3 d5 8. Nf3 Bd6 9. e4 dxe4 10. Ng5 Qe7 11. Ngxe4 Be5 12. Be3 Nbd7 13. Nxf6+ Nxf6 14. Bc4 0-0 15. 0-0 axb5 16. Bxb5 Bb7 17. Qe2 Qc7 18. h3 Nd5 19. Nxd5 exd5 20. a4 d4 21. Bd2 Kh8 22. Rae1 Bh2+ 23. Kh1 Bd6 24. f4 Bd5 25. f5 c4 26. Bg5 d3 27. Qg4 Be5 28. Bf4 Bxf4 29. Qxf4 Qb7 30. Qd2 Rad8 31. Rf4 Qf7 32. Ref1 Rd6 33. Qb4 Qh5 34. Kg1 Rfd8 35. Qd2 Qf7 36. Kh2 Qc7 37. R1f2 Bf7 38. Kh1 Bd5 39. Rf1 Rh6 40. Kg1 Rhd6 41. Rc1 Rc8 42. Re1 Bf7 43. Rf2 Qc5 44. Kh2 Rcd8 45. Rf4 Rd4 46. Rf2 Qd6+ 47. Kg1 Qf6 48. Re3 Qb6 49. Kh1 R4d6 50. Kh2 Qc7 51. Kh1 Qc5 52. Rf1 Rh6 53. Kh2 Qd6+ 54. Kg1 Qc5 55. Rf2 Rhd6 56. Kf1 Bh5 57. g4 Bf7 58. Re1 Qd5 59. Kg1 Qd4 60. Kh2 Rh6 61. Kg3 Rhd6 62. Rf4 Qc5 63. Rfe4 Rd4 64. Re5 Qd6 65. Kg2 Bd5+ 66. Kg1 Bg8 67. Kg2 Bd5+ 68. Kg1 Bg8 69. R1e3 Qh6 70. a5 Qd6 71. a6 Rd5 72. Rxd5 Qxd5 73. Ba4 Qc5 74. Kf1 Qd4 0-1

[Event "Spilimbergo op 21st"]
[Site "Spilimbergo"]
[Date "2023.08.12"]
[Round "6"]
[White "Titze, Leo"]
[Black "Solomon, Kenny"]
[Result "1-0"]
[WhiteElo "2229"]
[BlackElo "2324"]
[PlyCount "103"]
[EventDate "2023.08.09"]
[EventType "swiss"]
[EventRounds "9"]
[EventCountry "ITA"]
[SourceTitle "CBM 215 Extra"]
[Source "ChessBase"]
[SourceDate "2023.09.30"]
[SourceVersion "1"]
[SourceVersionDate "2023.09.30"]
[SourceQuality "1"]

1. d4 Nf6 2. c4 e6 3. Nf3 b6 4. a3 Bb7 5. Nc3 d5 6. cxd5 exd5 7. Bg5 Be7 8. e3 h6 9. Bf4 0-0 10. Rc1 c5 11. Be2 c4 12. Ne5 Nc6 13. e4 Nxe4 14. Nxc6 Bxc6 15. Nxe4 dxe4 16. Bxc4 Bg5 17. Be3 Bb7 18. 0-0 Kh8 19. Qd2 Rc8 20. Rc3 Bxe3 21. fxe3 Rc7 22. Qf2 Qg5 23. Qf4 Qxf4 24. Rxf4 g5 25. Rf2 Kg7 26. Bb3 Rxc3 27. bxc3 f5 28. g3 Rf6 29. c4 Kf8 30. Kf1 Ke7 31. Ke1 Bc6 32. Kd2 Bd7 33. Kc3 Kd6 34. Bc2 Ke7 35. d5 Rf8 36. Kd4 Rc8 37. g4 fxg4 38. Bxe4 h5 39. Bd3 h4 40. e4 Rh8 41. e5 g3 42. hxg3 hxg3 43. Rg2 Rh4+ 44. Ke3 Rh2 45. Rxg3 Ra2 46. Rxg5 Kf8 47. Rh5 Rxa3 48. Rh8+ Ke7 49. Kd4 Ra1 50. d6+ Kf7 51. Rh7+ Ke8 52. Bg6+ 1-0

[Event "Lonigo CIS 54th Serie A1 Girone 2"]
[Site "Lonigo"]
[Date "2023.05.20"]
[Round "2.1"]
[White "Sbarra, Marco"]
[Black "Solomon, Kenny"]
[Result "1/2-1/2"]
[WhiteElo "2207"]
[BlackElo "2320"]
[PlyCount "185"]
[EventDate "2023.05.19"]
[EventType "team-tourn"]
[EventRounds "5"]
[EventCountry "ITA"]
[SourceTitle "EXT 2024"]
[Source "ChessBase"]
[SourceDate "2023.10.10"]
[SourceVersion "1"]
[SourceVersionDate "2023.10.10"]
[SourceQuality "1"]
[WhiteTeam "Mariano Comense"]
[BlackTeam "Venice Canal Azimuth"]
[WhiteTeamCountry "ITA"]
[BlackTeamCountry "ITA"]

1. d4 Nf6 2. c4 e6 3. Nc3 Bb4 4. e3 0-0 5. Bd3 d5 6. Nge2 dxc4 7. Bxc4 Be7 8. 0-0 c5 9. a3 Nbd7 10. Ba2 b6 11. dxc5 bxc5 12. e4 Ba6 13. Bf4 Nb6 14. Re1 Rc8 15. Ng3 Qxd1 16. Raxd1 Rfd8 17. Rxd8+ Rxd8 18. Rd1 Nfd7 19. Bd6 Bf6 20. e5 Nxe5 21. Nge4 c4 22. Nxf6+ gxf6 23. Rd4 Nc6 24. Rg4+ Kh8 25. Bc7 Rd7 26. Bg3 f5 27. Rf4 Na4 28. h3 Nxb2 29. Bh4 Nd3 30. Bf6+ Kg8 31. Rh4 Nce5 32. Kf1 Rb7 33. Rd4 Rd7 34. Rh4 f4 35. Rh5 Ng6 36. Ra5 Rd6 37. Ne4 Rc6 38. Bc3 e5 39. Nd2 Nc1 40. Bb1 Nb3 41. Rd5 Nd4 42. Be4 Rb6 43. a4 Rb8 44. Bxg6 hxg6 45. Rxe5 Ne6 46. Ra5 Rb6 47. Ke2 Kf8 48. Kd1 Ke7 49. Kc2 Rc6 50. Ne4 f5 51. Nd2 Nd8 52. Nf3 Nb7 53. Rd5 Ke6 54. Re5+ Kd7 55. Rd5+ Kc8 56. Ne5 Re6 57. h4 Nd6 58. Bd2 Ne4 59. Bxf4 Nxf2 60. Rc5+ Kd8 61. Nc6+ Ke8 62. Ne5 Nd3 63. Nxd3 cxd3+ 64. Kd1 Rb6 65. Rc7 Rb1+ 66. Kd2 Rb2+ 67. Kc1 Rxg2 68. Rxa7 Rc2+ 69. Kd1 Rc6 70. Rc7 Re6 71. Bg5 Re4 72. a5 Ra4 73. Rc6 Rxa5 74. Rxg6 Ra1+ 75. Bc1 Bb7 76. Rf6 Be4 77. Rb6 Kf7 78. Kd2 Ra2+ 79. Bb2 f4 80. h5 f3 81. Ke3 Ra4 82. Rf6+ Kg8 83. Rf4 Kh7 84. Bc3 Kh6 85. Rh4 Kg5 86. Rh2 Kg4 87. h6 Bh7 88. Rb2 Rc4 89. Rb4 Rxb4 90. Bxb4 Kg3 91. Be1+ Kg2 92. Bh4 Bg6 93. Be1 1/2-1/2

[Event "Africa-ch"]
[Site "Giza"]
[Date "2023.05.08"]
[Round "4"]
[White "Solomon, Kenny"]
[Black "El Ghazali, Youssef M"]
[Result "1-0"]
[WhiteElo "2310"]
[BlackElo "2211"]
[PlyCount "59"]
[EventDate "2023.05.06"]
[EventType "swiss"]
[EventRounds "9"]
[EventCountry "EGY"]
[SourceTitle "CBM 214 Extra"]
[Source "ChessBase"]
[SourceDate "2023.07.31"]
[SourceVersion "1"]
[SourceVersionDate "2023.07.31"]
[SourceQuality "1"]

1. e4 c5 2. Nf3 d6 3. d4 cxd4 4. Nxd4 Nf6 5. Nc3 a6 6. Be3 e6 7. f3 Be7 8. Qd2 Qc7 9. g4 b5 10. g5 Nfd7 11. a3 Ne5 12. 0-0-0 Bd7 13. f4 Nc4 14. Bxc4 Qxc4 15. f5 b4 16. axb4 Qxb4 17. Rhf1 Nc6 18. f6 gxf6 19. gxf6 Ne5 20. Nb3 Nc4 21. Qd3 Bf8 22. Bc5 Qb7 23. Qxc4 Rc8 24. Qb4 Bb5 25. Nxb5 axb5 26. Bxd6 Qc6 27. c3 Bh6+ 28. Bf4 Bf8 29. Qd4 b4 30. Rf3 1-0

[Event "Bassano del Grappa Vergani Cup"]
[Site "Bassano del Grappa"]
[Date "2023.02.03"]
[Round "4"]
[White "Solomon, Kenny"]
[Black "Bogdanov, Artyom"]
[Result "1/2-1/2"]
[WhiteElo "2355"]
[BlackElo "1979"]
[PlyCount "114"]
[EventDate "2023.02.01"]
[EventType "swiss"]
[EventRounds "9"]
[EventCountry "ITA"]
[SourceTitle "CBM 212 Extra"]
[Source "ChessBase"]
[SourceDate "2023.03.31"]
[SourceVersion "1"]
[SourceVersionDate "2023.03.31"]
[SourceQuality "1"]

1. e4 e5 2. Nf3 Nc6 3. Bb5 a6 4. Ba4 Nf6 5. 0-0 Be7 6. Re1 b5 7. Bb3 0-0 8. a4 b4 9. a5 d6 10. d3 Be6 11. Nbd2 Rb8 12. Nc4 h6 13. h3 Re8 14. Ba4 Bd7 15. c3 Bf8 16. Bd2 bxc3 17. bxc3 Na7 18. Bc2 Bc6 19. Bb3 Nb5 20. Qc2 Rb7 21. Qa2 Qd7 22. Ne3 Rbb8 23. Nh2 Na7 24. Rab1 Bb5 25. Qc2 Nc6 26. Nhg4 Nxg4 27. hxg4 Nd8 28. Rb2 Ne6 29. Bxe6 fxe6 30. c4 Ba4 31. Qb1 Rxb2 32. Qxb2 Be7 33. Rb1 Bg5 34. Nf1 Bf6 35. Bc3 Bg5 36. Qa2 Bc6 37. Qe2 Rf8 38. Bd2 Bf6 39. Nh2 Qf7 40. Nf1 Qe7 41. Ne3 Ba4 42. g3 Qd7 43. Rb4 Be7 44. Rb1 Bf6 45. Bc3 Qc6 46. Rb4 Qd7 47. Qb2 Bc6 48. Rb8 Rxb8 49. Qxb8+ Qd8 50. Qb2 Bg5 51. Nc2 Qf8 52. Ne1 Qc8 53. Nf3 Bf6 54. Ne1 Bg5 55. Nc2 Qf8 56. Ne1 Qc8 57. Ng2 Qf8 1/2-1/2

[Event "WchT Pool-A 13th"]
[Site "Jerusalem"]
[Date "2022.11.21"]
[Round "3.2"]
[White "Solomon, Kenny"]
[Black "Van Foreest, Jorden"]
[Result "0-1"]
[WhiteElo "2355"]
[BlackElo "2690"]
[PlyCount "90"]
[EventDate "2022.11.20"]
[EventType "team-tourn (rapid)"]
[EventRounds "5"]
[EventCountry "ISR"]
[SourceTitle "CBM 211 Extra"]
[Source "ChessBase"]
[SourceDate "2023.01.31"]
[SourceVersion "1"]
[SourceVersionDate "2023.01.31"]
[SourceQuality "1"]
[WhiteTeam "South Africa"]
[BlackTeam "Netherlands"]
[WhiteTeamCountry "RSA"]
[BlackTeamCountry "NED"]

1. d4 Nf6 2. c4 e6 3. Nf3 a6 4. Nc3 d5 5. cxd5 exd5 6. Bg5 Be6 7. e3 Nbd7 8. Bd3 c6 9. Qb3 Ra7 10. Qc2 Bd6 11. Bf4 Qc7 12. Bxd6 Qxd6 13. h3 0-0 14. 0-0 Re8 15. a3 g6 16. Rfe1 Nb6 17. b4 Qe7 18. Qb2 Ne4 19. Nxe4 dxe4 20. Bxe4 Bxh3 21. Bd3 Be6 22. e4 Raa8 23. a4 Rad8 24. b5 axb5 25. axb5 c5 26. d5 c4 27. Bf1 Bg4 28. Qd4 Qc7 29. Nh2 h5 30. Rac1 Rc8 31. Nxg4 hxg4 32. e5 Qc5 33. Qxg4 Qxd5 34. Rcd1 Qe6 35. Qf3 c3 36. Rc1 Nd5 37. Re4 Nf6 38. Re3 Ng4 39. Rexc3 Qxe5 40. g3 Qh8 41. Bg2 Rxc3 42. Qxc3 Qh2+ 43. Kf1 Qh5 44. Qc4 Qf5 45. Rc2 Ne3+ 0-1

[Event "Olympiad-44"]
[Site "Chennai"]
[Date "2022.08.03"]
[Round "6.1"]
[White "Solomon, Kenny"]
[Black "Amin, Bassem"]
[Result "0-1"]
[WhiteElo "2355"]
[BlackElo "2680"]
[PlyCount "96"]
[EventDate "2022.07.29"]
[EventType "team-swiss"]
[EventRounds "11"]
[EventCountry "IND"]
[SourceTitle "CBM 210"]
[Source "ChessBase"]
[SourceDate "2022.10.31"]
[SourceVersion "1"]
[SourceVersionDate "2022.10.31"]
[SourceQuality "1"]
[WhiteTeam "South Africa"]
[BlackTeam "Egypt"]
[WhiteTeamCountry "RSA"]
[BlackTeamCountry "EGY"]

1. e4 g6 2. d4 Bg7 3. Nc3 c6 4. Nf3 d6 5. h3 Nf6 6. Be3 b5 7. Bd3 0-0 8. 0-0 Nbd7 9. Re1 e5 10. dxe5 dxe5 11. a4 b4 12. Ne2 Qe7 13. Qd2 a5 14. Bh6 Rd8 15. Bxg7 Kxg7 16. Ng3 Ne8 17. Qe3 f6 18. h4 Qc5 19. Qc1 Nf8 20. h5 Ne6 21. h6+ Kf8 22. Ne2 Nd6 23. Nd2 Ng5 24. Nb3 Qa7 25. Ng3 Be6 26. Nd2 Ndf7 27. Nf3 Nxf3+ 28. gxf3 Ng5 29. Qe3 Qxe3 30. Rxe3 Nf7 31. Ne2 g5 32. Kg2 Nxh6 33. Rh1 Kg7 34. Ng3 Ng8 35. Nh5+ Kg6 36. Ree1 b3 37. Re3 Rab8 38. c3 Rd7 39. Ng3 Rbd8 40. Be2 Rd2 41. Rb1 Ne7 42. Nf1 R2d7 43. c4 Rb8 44. Rc1 Kf7 45. Bd1 Ng6 46. Bxb3 Nf4+ 47. Kh2 Nd3 48. Rc3 Nc5 0-1

[Event "RSA-ch"]
[Site "Cape Town"]
[Date "2022.05.11"]
[Round "6"]
[White "Kobese, Watu"]
[Black "Solomon, Kenny"]
[Result "1/2-1/2"]
[WhiteElo "2324"]
[BlackElo "2356"]
[PlyCount "68"]
[EventDate "2022.05.07"]
[EventType "tourn"]
[EventRounds "9"]
[EventCountry "RSA"]
[SourceTitle "CBM 208 Extra"]
[Source "ChessBase"]
[SourceDate "2022.07.31"]
[SourceVersion "1"]
[SourceVersionDate "2022.07.31"]
[SourceQuality "1"]

1. e4 e5 2. Nf3 Nc6 3. d4 exd4 4. Nxd4 Nf6 5. Nxc6 bxc6 6. e5 Qe7 7. Qe2 Nd5 8. c4 Nb6 9. Nc3 Ba6 10. b3 0-0-0 11. Qe4 Re8 12. f4 f6 13. a4 fxe5 14. a5 Qf7 15. axb6 exf4 16. bxa7 Rxe4+ 17. Nxe4 Bb7 18. a8Q+ Bxa8 19. Rxa8+ Kb7 20. Ra4 Qe6 21. Bd3 d5 22. cxd5 cxd5 23. 0-0 dxe4 24. Bxe4+ c6 25. Bxf4 Bc5+ 26. Kh1 Rf8 27. Bf3 Qxb3 28. Re4 Qd3 29. Rfe1 g5 30. Be3 Rxf3 31. gxf3 Bd6 32. Rd4 Qc3 33. Re2 Kc7 34. Kg2 h5 1/2-1/2

[Event "RSA-ch"]
[Site "Cape Town"]
[Date "2022.05.10"]
[Round "5"]
[White "Solomon, Kenny"]
[Black "Cawdery, Daniel"]
[Result "1/2-1/2"]
[WhiteElo "2356"]
[BlackElo "2419"]
[PlyCount "37"]
[EventDate "2022.05.07"]
[EventType "tourn"]
[EventRounds "9"]
[EventCountry "RSA"]
[SourceTitle "CBM 208 Extra"]
[Source "ChessBase"]
[SourceDate "2022.07.31"]
[SourceVersion "1"]
[SourceVersionDate "2022.07.31"]
[SourceQuality "1"]

1. d4 Nf6 2. c4 g6 3. Nc3 d5 4. cxd5 Nxd5 5. e4 Nxc3 6. bxc3 Bg7 7. Qa4+ Qd7 8. Bb5 c6 9. Bd3 0-0 10. Nf3 c5 11. Qxd7 Bxd7 12. Rb1 b6 13. h3 Nc6 14. Be3 f5 15. exf5 gxf5 16. Bb5 cxd4 17. cxd4 f4 18. Bd2 Bf5 19. Bxc6 1/2-1/2

[Event "RSA-ch"]
[Site "Cape Town"]
[Date "2022.05.07"]
[Round "1"]
[White "Klaasen, Calvin Jong"]
[Black "Solomon, Kenny"]
[Result "1/2-1/2"]
[WhiteElo "2245"]
[BlackElo "2356"]
[PlyCount "81"]
[EventDate "2022.05.07"]
[EventType "tourn"]
[EventRounds "9"]
[EventCountry "RSA"]
[SourceTitle "CBM 208 Extra"]
[Source "ChessBase"]
[SourceDate "2022.07.31"]
[SourceVersion "1"]
[SourceVersionDate "2022.07.31"]
[SourceQuality "1"]

1. e4 e5 2. Nf3 Nc6 3. Bb5 a6 4. Ba4 Nf6 5. 0-0 Be7 6. Re1 b5 7. Bb3 0-0 8. h3 Bb7 9. d3 d6 10. a3 Qd7 11. Nc3 Rfe8 12. Bd2 Nd8 13. Nd5 Ne6 14. Nxe7+ Qxe7 15. c3 c5 16. Bc2 Rac8 17. a4 Qc7 18. Qe2 Bc6 19. Nh2 Qb7 20. Ng4 Nxg4 21. Qxg4 bxa4 22. Rab1 Qd7 23. Bc1 Bb5 24. Qd1 c4 25. d4 Rc7 26. Ra1 Rb8 27. Bxa4 Qe7 28. Re2 Qf6 29. Be3 Qe7 30. Rd2 exd4 31. cxd4 c3 32. bxc3 Rxc3 33. Rb2 Qe8 34. Rab1 Rcc8 35. Bxb5 Rxb5 36. Rxb5 axb5 37. Qd3 Rc4 38. Rc1 Rxc1+ 39. Bxc1 Qc6 40. Bd2 d5 41. f3 1/2-1/2

[Event "ITA-chTA 53rd"]
[Site "Montesilvano"]
[Date "2022.04.21"]
[Round "4.2"]
[White "Solomon, Kenny"]
[Black "Jones, Gawain C B"]
[Result "1/2-1/2"]
[WhiteElo "2346"]
[BlackElo "2666"]
[PlyCount "210"]
[EventDate "2022.04.19"]
[EventType "team-tourn"]
[EventRounds "7"]
[EventCountry "ITA"]
[SourceTitle "CBM 207 Extra"]
[Source "ChessBase"]
[SourceDate "2022.05.31"]
[SourceVersion "1"]
[SourceVersionDate "2022.05.31"]
[SourceQuality "1"]
[WhiteTeam "Canal Cib Unigas"]
[BlackTeam "Padova Obiettivo"]
[WhiteTeamCountry "ITA"]
[BlackTeamCountry "ITA"]

1. e4 e5 2. Nf3 Nc6 3. Bb5 a6 4. Ba4 Nf6 5. 0-0 Nxe4 6. d4 b5 7. Bb3 d5 8. dxe5 Be6 9. Nbd2 Nc5 10. c3 d4 11. Bxe6 Nxe6 12. cxd4 Ncxd4 13. a4 Bb4 14. axb5 Nxb5 15. Qc2 0-0 16. Nb3 c5 17. Be3 a5 18. Rfd1 Qe8 19. Nbd2 Bxd2 20. Rxd2 Qc6 21. Nh4 g6 22. Nf3 Rfc8 23. Qc4 a4 24. Rd3 Qb7 25. Rad1 Nbd4 26. Bc1 Rd8 27. Nxd4 cxd4 28. Ra3 Qe4 29. Rxa4 Rxa4 30. Qxa4 Rc8 31. Be3 Qxe5 32. Qa6 Rb8 33. Bc1 Nc5 34. Qc4 Nb3 35. h3 Qf5 36. Re1 h5 37. h4 Nxc1 38. Qxc1 d3 39. Qc3 Rd8 40. Rd1 Qe4 41. b3 d2 42. Qe3 Qxh4 43. Rxd2 Ra8 44. Qd4 Qg5 45. Rd1 Rb8 46. b4 Qb5 47. Re1 Rc8 48. Re5 Qb8 49. Re1 Qb7 50. Kh2 Kh7 51. Qf6 Rc6 52. Qe7 Qb8+ 53. Kg1 Kg7 54. Qe5+ Qxe5 55. Rxe5 Rc1+ 56. Kh2 Rc2 57. Kg3 Rc4 58. Rb5 Kf6 59. f4 Rc3+ 60. Kf2 h4 61. Rb7 Ke6 62. Rb5 Rb3 63. Ke2 Kf6 64. Kf2 Kg7 65. Rb7 Kf8 66. Rb8+ Ke7 67. Rb6 f6 68. Ke2 Kf7 69. Kf2 Kg7 70. Ke2 g5 71. fxg5 fxg5 72. Kf2 g4 73. Rc6 Rxb4 74. Rc1 Kf6 75. Kg1 Rb2 76. Rf1+ Ke5 77. g3 h3 78. Re1+ Kf5 79. Rf1+ Ke5 80. Re1+ Kd4 81. Kh1 Kd3 82. Re8 Rb4 83. Kg1 Re4 84. Ra8 Re1+ 85. Kh2 Re2+ 86. Kh1 Ke3 87. Rf8 Rf2 88. Ra8 Rf7 89. Ra3+ Ke2 90. Ra2+ Kf3 91. Ra3+ Kf2 92. Kh2 Rf6 93. Rb3 Ke2 94. Rb2+ Ke3 95. Rb3+ Ke4 96. Rb4+ Kf5 97. Rf4+ Kg5 98. Ra4 Rf2+ 99. Kh1 Re2 100. Rb4 Ra2 101. Rc4 Rf2 102. Ra4 Kf5 103. Rb4 Rg2 104. Rf4+ Kg5 105. Rxg4+ Kxg4 1/2-1/2

[Event "ITA-chTA 53rd"]
[Site "Montesilvano"]
[Date "2022.04.20"]
[Round "2.3"]
[White "Solomon, Kenny"]
[Black "Korpa, Bence"]
[Result "1/2-1/2"]
[WhiteElo "2346"]
[BlackElo "2536"]
[PlyCount "35"]
[EventDate "2022.04.19"]
[EventType "team-tourn"]
[EventRounds "7"]
[EventCountry "ITA"]
[SourceTitle "CBM 207 Extra"]
[Source "ChessBase"]
[SourceDate "2022.05.31"]
[SourceVersion "1"]
[SourceVersionDate "2022.05.31"]
[SourceQuality "1"]
[WhiteTeam "Canal Cib Unigas"]
[BlackTeam "Catania Etna Scacchi"]
[WhiteTeamCountry "ITA"]
[BlackTeamCountry "ITA"]

1. e4 e5 2. Nf3 Nc6 3. Bb5 a6 4. Ba4 d6 5. c3 Bd7 6. 0-0 g6 7. d4 Bg7 8. Re1 Nge7 9. dxe5 dxe5 10. Be3 b6 11. Re2 Qc8 12. Rd2 h6 13. c4 Bg4 14. Nc3 0-0 15. Nd5 Nxd5 16. cxd5 Nd4 17. Bxd4 exd4 18. h3 1/2-1/2

[Event "Imola op 3rd"]
[Site "Imola"]
[Date "2021.12.08"]
[Round "4"]
[White "Fischer, Daniel1111"]
[Black "Solomon, Kenny"]
[Result "0-1"]
[WhiteElo "2322"]
[BlackElo "2354"]
[PlyCount "106"]
[EventDate "2021.12.06"]
[EventType "swiss"]
[EventRounds "5"]
[EventCountry "ITA"]
[SourceTitle "CBM 205 Extra"]
[Source "ChessBase"]
[SourceDate "2022.01.31"]
[SourceVersion "1"]
[SourceVersionDate "2022.01.31"]
[SourceQuality "1"]

1. e4 c5 2. Nf3 d6 3. Bb5+ Nd7 4. a4 Ngf6 5. Nc3 g6 6. a5 Bg7 7. a6 0-0 8. 0-0 Qb6 9. Qe2 Nb8 10. e5 dxe5 11. axb7 Bxb7 12. Nxe5 a6 13. Bc4 e6 14. d3 Nc6 15. Nxc6 Qxc6 16. f3 Nd5 17. Ne4 h6 18. c3 f5 19. Nd2 a5 20. Re1 Rfe8 21. Ra3 Kh7 22. Bb3 a4 23. Bc2 Nb6 24. Nc4 Nxc4 25. dxc4 Ra6 26. Be3 Rea8 27. Rea1 Bc8 28. Qd1 Bd7 29. R1a2 Be5 30. Kh1 Be8 31. Qa1 Bd6 32. Qc1 Bf8 33. Qd1 Be7 34. Kg1 h5 35. Bf4 Bf6 36. Be3 Be7 37. Qa1 Bd6 38. Bf2 Be5 39. Bd1 g5 40. Bc2 h4 41. Qc1 Kg6 42. Qe3 Qd6 43. h3 Ra5 44. Kh1 Bf4 45. Qe2 Kf6 46. b4 cxb4 47. cxb4 Qxb4 48. Be1 Qb6 49. Bxa5 Rxa5 50. Bd1 Qb4 51. Kg1 Re5 52. Rxa4 Bxa4 53. Rxa4 Qe1+ 0-1